Welcome to the Holygrace Academy Library

Please use search bar below to get started

CAMBRIDGE ENGLISH PRONOUNCING DICTIONARY (Record no. 2148)

MARC details
000 -LEADER
fixed length control field 00372nam a22001457a 4500
020 ## - INTERNATIONAL STANDARD BOOK NUMBER
ISBN 978-0-521-69860-3
082 ## - DEWEY DECIMAL CLASSIFICATION NUMBER
Classification number 030
Item number JON/C
100 ## - MAIN ENTRY--AUTHOR NAME
Personal name JONES. DANIEL
245 ## - TITLE STATEMENT
Title CAMBRIDGE ENGLISH PRONOUNCING DICTIONARY
250 ## - EDITION STATEMENT
Edition statement 17TH EDITION
260 ## - PUBLICATION, DISTRIBUTION, ETC. (IMPRINT)
Place of publication CAMBRIDGE
Name of publisher CAMBRIDGE UNIVERSITY PRESS
Year of publication 2006
300 ## - PHYSICAL DESCRIPTION
Number of Pages 573
650 ## - SUBJECT ADDED ENTRY--TOPICAL TERM
Topical Term DICTIONARY
Geographic subdivision UNITED KINFDOM
942 ## - ADDED ENTRY ELEMENTS (KOHA)
Koha item type Books
Holdings
Withdrawn status Lost status Collection code Home library Current library Shelving location Date acquired Source of acquisition Full call number Accession Number Koha item type
    Reference Main Library Main Library SHELF 1 G -DICTIONARY,THEASAURUS 19/05/2011 purchase 030 JON/C 03413 Books